logo

Bir Sreshtho Munshi Abdur Rouf Library
Jhenaidah Cadet College

The old Testament : (Record no. 10442)

MARC details
000 -LEADER
fixed length control field 00507nam a22002057a 4500
001 - CONTROL NUMBER
JCCL Control Number 10442
003 - CONTROL NUMBER IDENTIFIER
JCCL marc code OSt
005 - DATE AND TIME OF LATEST TRANSACTION
control field 20180428181726.0
008 - FIXED-LENGTH DATA ELEMENTS--GENERAL INFORMATION
fixed length control field 180426b1965 uk ||||| |||| 00| 0 eng d
035 ## - SYSTEM CONTROL NUMBER
system control number (BD-JhCC)10442
040 ## - CATALOGING SOURCE
Original cataloging agency BD-JhCC
Modifying agency BD-JhCC
041 ## - LANGUAGE CODE
Language code of Book eng
082 ## - DEWEY DECIMAL CLASSIFICATION NUMBER
Classification number 221.6
Author mark and Year PAT 1965
100 ## - MAIN ENTRY--PERSONAL NAME
Personal name Patterson, Charles H.
245 ## - TITLE STATEMENT
Title The old Testament :
Remainder of title Notes /
Statement of responsibility, etc Charles H. Patterson
300 ## - PHYSICAL DESCRIPTION
Pagination 96 p. :
Dimensions 21 cm.
650 ## - SUBJECT ADDED ENTRY--TOPICAL TERM
Topical term or geographic name as entry element Bible, old testment
942 ## - ADDED ENTRY ELEMENTS (KOHA)
Source of classification or shelving scheme Dewey Decimal Classification
Koha item type Books
Holdings
Source of classification or shelving scheme Damaged status Not for loan Home library Current library Shelving location Date of accession Total Checkouts Full call number Barcode Date last seen Copy number Koha item type Cost, normal purchase price
Dewey Decimal Classification     JCC Rouf Library JCC Rouf Library General Stacks 04/26/2018   221.6 PAT 1965 13869 04/26/2018 C-1 Books  
Dewey Decimal Classification     JCC Rouf Library JCC Rouf Library General Stacks 04/28/2018   221.6 PAT 1965 14028 04/28/2018 C-2 Books 1.00
Dewey Decimal Classification     JCC Rouf Library JCC Rouf Library General Stacks 04/28/2018   221.6 PAT 1965 14027 04/28/2018 C-3 Books 1.00

JCC Library | Contacts | JCC Home

Last Update on 23 September 2017
Copyright @ 2017-2020 JCC Rouf Library
Rouf Library, Jhenidah Cadet College (JCC), Bangladesh